000 01127nam2a2200289 4500
001 RU\NLR\PER_B\011195355_573
005 20250623214828.0
035 _a(NLR Aleph) 012153291
090 _a12155284
_c12155284
100 _a20191202j17390109|||y0rusy50 ca
101 0 _arus
102 _aRU
135 _acrcn 024anaba
200 0 _aЧ. 3
210 _d1739, 9 янв.
_aБ. м.
325 _aКопия доступна в Электрон. б-ке РНБ
461 0 _1001RU\NLR\BIBL_A\011195355
_12001#$a[Примечания к Ведомостям]$vЧ. 3
852 _aNLR
_j1-П/2-1-1
_tД22
942 _cISSNP
980 _aNB
980 3 _akp
981 2 7 _a(27) Периодические издания
_b(27) Газеты
981 2 0 _a(20) Книжные памятники РНБ
_b(20) Газеты дореволюционной России